01197na a2200301 450000100060000000300080000600500170001400800410003102000150007203500100008704000250009704100080012208200220013009000210015224501870017324600900036026000660045030000190051649000490053549000530058450000150063765000330065265000640068570000150074994200130076495201030077799900150088014645MIRAKIL20181213155256.0161101b tu 000 0  a9756176636 a14645 aMilasbturcTR-AnCHP atur a341.481bB56 2006 a341.481 B56 2006 aBirleşmiş milletler'de insan hakları yorumlarıbİnsan hakları komitesi ve ekonomik, sosyal kültürel haklar komitesi, 1981-2006cderleyen ve metinleri çeviren Lema Uyar aİnsan hakları komitesi ve ekonomik, sosyal kültürel haklar komitesi, 1981-2006 aİstanbulbİstanbul Bilgi Üniversitesi Yayınlarıc2006 a413 s.c23 sm. aİnsan hakları hukuku çalışmalarıv5 aİstanbul Bilgi Üniversitesi yayınlarıv145 aDizin var. aUluslararası insan hakları aBirleşmiş Milletlerxİnsan haklarıyHukuk ve mevzuat aUyar, Lema 2dcccBKS a0001b0001d2016-08-30e2l0o341.481 B56 2006p002723r2016-08-30 00:00:00v0.00w2016-08-30yBKS c9760d9760